000 00370nam a2200157Ia 4500
008 230917s9999||||xx |||||||||||||| ||und||
020 _cPOU15
040 _e14192
_aMAIN
041 _aEnglish
082 _a330.122 T731G
100 _aTribe, Keith
245 0 _aGenealogies of capitalism
260 _aLondon
_bMacmillan
_c1981
300 _axv,175 p.
942 _cBK
999 _c225633
_d225633